000 00719nam a2200289Ia 4500
005 20260324132249.0
008 008 260324s9999 xx 000 0 eng d
020 _a9780203328255
037 _aEBOOK
040 _aCRL
040 _beng
040 _cCRL
041 _2eng
041 _aeng
084 _qCRL
100 _aVanessa C.M. Chio
_91188620
245 0 _aMalaysia and the Development Process
245 0 _bGlobalization, Knowledge Transfers and Postcolonial Dilemmas
260 _bTaylor and Francis
260 _c2005
365 _a
365 _b230
856 _uhttp://www.taylorfrancis.com/books/9780203328255
942 _cEBOOK
999 _c1786589
_d1786589